000 00347pab a2200145 454500
008 180718b1986 xxu||||| |||| 00| 0 eng d
100 _aMcCallum, John
245 _aUnemployment in OECD Countries in the 1980s
260 _c1986
300 _a942-60
362 _aDec.
650 _aUnemployment
773 _aEconomic Journal
909 _a19982
999 _c19982
_d19982